| 000 | 01926nam a2200337 i 4500 | ||
|---|---|---|---|
| 001 | 000000206 | ||
| 003 | DO-SdBNP | ||
| 005 | 20260321073636.0 | ||
| 007 | ta | ||
| 008 | 090130s2008 dr ac 000 0 spa d | ||
| 020 | _a9789945427417 | ||
| 040 |
_aDO-SdBNP _bspa _cBNPHU _erda |
||
| 041 | _aspa | ||
| 082 | 4 |
_a324.22 _bG377e 2008 _222 |
|
| 100 | 1 |
_aGerónimo, Joaquín, _eautor _4aut. _9676 |
|
| 245 | 1 | 0 |
_aEn el nombre de Bosch : _btraspaso de antorcha / _cJoaquín Gerónimo. |
| 250 | _aSegunda edición | ||
| 264 | 4 |
_aSanto Domingo, República Dominicana : _bEditora Búho, _c©2008. |
|
| 300 |
_a304 páginas : _bilustraciones, retratos ; _c23 cm. |
||
| 336 |
_atexto _btxt _2rdacontent |
||
| 337 |
_asin mediación _bn _2rdamedia |
||
| 338 |
_avolumen _bnc _2rdacarrier |
||
| 500 | _aIncluye datos biográficos del autor en la solapa de la cubierta | ||
| 505 | 0 |
_aLa percepción de Joaquín Gerónimo: en el nombre de Bosch, 11 -- _tNota del autor, 17 -- _t1-Bajo el signo de La Habana, 19 -- _t2-En el vórtice de la guerra fría, 39 -- _t3-Avanzar sobre campos minados, 59 -- _t4-EL camino era el socialismo, 93 -- _t5-En guerra contra el populismo, 111 -- _t6-Volver al escenario electoral, 127 -- _t7-La batalla decisiva, 147-- _g8-De jinete a cabalgadura, 163 -- _t9- Mirando el agua correr bajo los puentes, 187 -- _t10-Rumbo al puerto de origen, 201 -- _tEpílogo [traspaso de antorcha], 217 -- _tApéndice -- _tCronología personal, nacional y mundial, 245 -- _tCarta del autor al presidente de la República, doctor Leonel Fernández, 289 -- _tPremisas fundamentales, 291 -- _tHay que tener cuidado con el populismo, 295 -- _tEl PLD en busca de su destino, 301. |
|
| 590 | _aInventariado, 2018/BT | ||
| 600 | 1 | 0 |
_a Bosch, Juan, _d1909-2001 _976555 |
| 610 | 2 | 4 |
_aPartido de la Liberación Dominicana _9284 |
| 650 | 7 |
_aLiderazgo político _9678 _2LEMB |
|
| 910 | _aValidado. Control de calidad. MMOLINA | ||
| 942 |
_2ddc _cLBS1 |
||
| 999 |
_c206 _d206 |
||